Top 10 Występów, Bramek oraz Asyst - Chelsea - Statystyki

Ogólne statystyki
  • Ten quiz został rozwiązany 67 razy
  • Średni wynik to 14 z 30
Statystyki odpowiedzi
Kraj Liczba Piłkarz % Poprawnych
Bramki 164 Didier Drogba
100%
Asysty 78 Didier Drogba
100%
Występy 648 Frank Lampard
100%
Bramki 211 Frank Lampard
100%
Asysty 146 Frank Lampard
100%
Bramki 110 Eden Hazard
93%
Asysty 85 Eden Hazard
93%
Występy 494 Petr Cech
93%
Występy 717 John Terry
90%
Asysty 42 Gianfranco Zola
68%
Asysty 57 Willian
60%
Asysty 47 Joe Cole
58%
Występy 508 Cesar Azpilicueta
57%
Asysty 51 Cesar Azpilicueta
57%
Asysty 53 Juan Mata
45%
Asysty 57 Cesc Fabregas
40%
Bramki 140 Peter Osgood
23%
Występy 440 Dennis Wise
22%
Asysty 46 Dennis Wise
22%
Występy 724 Ron Harris
18%
Bramki 157 Kerry Dixon
13%
Bramki 194 Bobby Tambling
12%
Bramki 132 Jimmy Greaves
12%
Występy 667 Peter Bonetti
5%
Występy 405 Steve Clarke
5%
Bramki 91 Tommy Baldwin
5%
Bramki 144 Roy Bentley
2%
Bramki 88 Barry Bridges
0%
Występy 398 Eddie McCreadie
0%
Występy 560 John Hollins
0%
Nie znaleziono quizów pasujących do podanych kryteriów
Rozkład punktacji
Procent ludzi z każdym wynikiem
Percentyl według liczby udzielonych odpowiedzi
Twoja historia wyników
Nie rozwiązałeś tego quizu